Normal view
MARC view
Entry Personal Name
001 - CONTROL NUMBER
- control field: 23348
003 - CONTROL NUMBER IDENTIFIER
- control field: ARRUPE
005 - DATE AND TIME OF LATEST TRANSACTION
- control field: 20160323124130.0
008 - FIXED-LENGTH DATA ELEMENTS
- fixed length control field: 160323|| aca||aabn | a|a d
040 ## - CATALOGING SOURCE
- Original cataloging agency: ARRUPE
- Transcribing agency: ARRUPE
100 ## - HEADING--PERSONAL NAME
- Personal name: Tsei, Balefi
670 ## - SOURCE DATA FOUND
- Source citation: Work cat.: (ARRUPE): Tsei, Balefi, The Political economy of Botswana in SADCC, 1995